[Event "ISR-chT"]
[Site "Israel"]
[Date "2024.02.10"]
[Round "6.27"]
[White "Mesropov, Konstantin Eduard"]
[Black "Manor, Ilan"]
[Result "1/2-1/2"]
[WhiteElo "2440"]
[BlackElo "2457"]
[PlyCount "69"]
[EventDate "2024.01.10"]
[EventType "team-tourn"]
[EventRounds "11"]
[EventCountry "ISR"]
[SourceTitle "CB09_2024"]
[SourceDate "2024.02.28"]
[SourceVersion "1"]
[SourceVersionDate "2024.02.28"]
[SourceQuality "1"]
[WhiteTeam "Ramat Gan Etude"]
[BlackTeam "Herzliya CC"]
[WhiteTeamCountry "ISR"]
[BlackTeamCountry "ISR"]

1. Nf3 e6 2. c4 d5 3. b3 c5 4. cxd5 exd5 5. Bb2 Nc6 6. g3 Nf6 7. Bg2 d4 8. 0-0 Be7 9. Na3 0-0 10. Nc4 Nd5 11. Nfe5 Nxe5 12. Nxe5 Bf6 13. Nd3 b6 14. e4 Ba6 15. Qf3 Nb4 16. Nxb4 Bxf1 17. Kxf1 cxb4 18. e5 Bxe5 19. Qxa8 Qxa8 20. Bxa8 Rxa8 21. Rc1 h5 22. f4 Bf6 23. Kf2 a5 24. h3 Re8 25. Re1 Rd8 26. Rc1 Rd6 27. Rc8+ Kh7 28. d3 Re6 29. Bc1 Kg6 30. Bd2 Be7 31. Kf3 f5 32. Rc7 Bc5 33. Rc8 Re7 34. Ra8 Rc7 35. Ke2 1/2-1/2

[Event "ISR-chT"]
[Site "Israel"]
[Date "2023.05.06"]
[Round "10.3"]
[White "Rozen, Eytan"]
[Black "Mesropov, Konstantin Eduard"]
[Result "1/2-1/2"]
[WhiteElo "2440"]
[BlackElo "2437"]
[PlyCount "82"]
[EventDate "2023.01.11"]
[EventType "team-tourn"]
[EventRounds "11"]
[EventCountry "ISR"]
[SourceTitle "EXT 2024"]
[Source "ChessBase"]
[SourceDate "2023.10.10"]
[SourceVersion "1"]
[SourceVersionDate "2023.10.10"]
[SourceQuality "1"]
[WhiteTeam "Kfar Saba"]
[BlackTeam "Ramat Gan II"]
[WhiteTeamCountry "ISR"]
[BlackTeamCountry "ISR"]

1. e4 e6 2. d4 d5 3. Nc3 h6 4. Bd3 Nc6 5. Nge2 Nb4 6. 0-0 Nxd3 7. Qxd3 dxe4 8. Nxe4 Nf6 9. Nxf6+ Qxf6 10. c4 Bd7 11. Bf4 Bd6 12. Bxd6 cxd6 13. Qa3 Qe7 14. Nc3 0-0 15. Ne4 Qh4 16. Nxd6 Qxd4 17. Rad1 Qb6 18. Rd3 Bc6 19. b4 a6 20. Qc3 Qc7 21. Qe5 Qe7 22. Nf5 Qf6 23. Qxf6 gxf6 24. Nxh6+ Kg7 25. Ng4 Rfc8 26. Rd6 Ba4 27. Ne3 Rd8 28. Rb6 Rd7 29. f3 Rad8 30. b5 axb5 31. cxb5 Rc8 32. h4 Rc3 33. Ng4 Rc5 34. Rb1 f5 35. Rb4 Bd1 36. Ne3 Rc3 37. Nxd1 Rxd1+ 38. Kh2 Rd2 39. Rb1 Rxa2 40. Rxb7 Rcc2 41. Rg1 Rab2 1/2-1/2

[Event "ISR-chT"]
[Site "Israel"]
[Date "2023.01.13"]
[Round "2.5"]
[White "Bernadskiy, Vitaliy"]
[Black "Mesropov, Konstantin Eduard"]
[Result "1-0"]
[WhiteElo "2609"]
[BlackElo "2437"]
[PlyCount "127"]
[EventDate "2023.01.11"]
[EventType "team-tourn"]
[EventRounds "11"]
[EventCountry "ISR"]
[SourceTitle "CBM 212 Extra"]
[Source "ChessBase"]
[SourceDate "2023.03.31"]
[SourceVersion "1"]
[SourceVersionDate "2023.03.31"]
[SourceQuality "1"]
[WhiteTeam "Petah Tikva"]
[BlackTeam "Ramat Gan II"]
[WhiteTeamCountry "ISR"]
[BlackTeamCountry "ISR"]

1. e4 e6 2. d4 d5 3. Nc3 Bb4 4. e5 c5 5. a3 Ba5 6. b4 cxd4 7. Nb5 Bc7 8. f4 Bd7 9. Nxc7+ Qxc7 10. Bd3 Ne7 11. Nf3 Ba4 12. 0-0 a6 13. Nxd4 Nbc6 14. Be3 Nxd4 15. Bxd4 Bb5 16. a4 Bxd3 17. cxd3 Nf5 18. Rc1 Qd8 19. Bf2 d4 20. Qf3 0-0 21. g4 Ne3 22. Bxe3 dxe3 23. Qxe3 Qd7 24. a5 Rad8 25. Rf3 Rc8 26. Rxc8 Rxc8 27. f5 Qa4 28. fxe6 fxe6 29. Qf4 Qd7 30. g5 Rd8 31. Kg2 Qe8 32. h4 Qg6 33. Kf2 Qe8 34. Ke2 Qg6 35. Kd2 Rc8 36. Ke3 h5 37. Qe4 Qe8 38. Qxb7 Rb8 39. Qe4 Qe7 40. Rf4 Qc7 41. Kd2 Rc8 42. Qc4 Qd7 43. Rd4 Qe8 44. Qxa6 Kh7 45. Qb7 Qf8 46. Qe4+ Kh8 47. Qf4 Qe8 48. Rc4 Rd8 49. Kc3 Qa4 50. Kb2 Qd1 51. Qe4 g6 52. Rc1 Qd2+ 53. Rc2 Qd1 54. a6 Qg1 55. Qf4 Kg8 56. Rf2 Rc8 57. Qf7+ Kh8 58. Qf6+ Kh7 59. Qe7+ Kh8 60. Rf8+ Rxf8 61. Qxf8+ Kh7 62. Qh6+ Kg8 63. Qxg6+ Kf8 64. Qf6+ 1-0

[Event "Ramat Gan Winter op"]
[Site "Ramat Gan"]
[Date "2023.01.07"]
[Round "4"]
[White "Mesropov, Konstantin Eduard"]
[Black "Iliaguev, Nisim"]
[Result "1-0"]
[WhiteElo "2483"]
[BlackElo "2390"]
[PlyCount "93"]
[EventDate "2023.01.07"]
[EventType "swiss (rapid)"]
[EventRounds "6"]
[EventCountry "ISR"]
[SourceTitle "CBM 212 Extra"]
[Source "ChessBase"]
[SourceDate "2023.03.31"]
[SourceVersion "1"]
[SourceVersionDate "2023.03.31"]
[SourceQuality "1"]

1. d4 Nf6 2. Bg5 e6 3. e4 h6 4. Bxf6 Qxf6 5. c3 d6 6. Bd3 g6 7. Ne2 Bg7 8. 0-0 0-0 9. f4 c5 10. Na3 Qe7 11. dxc5 dxc5 12. e5 Rd8 13. Nc4 Nc6 14. Qc2 Qc7 15. Ng3 Ne7 16. h4 h5 17. Nd6 Bd7 18. Nge4 Nf5 19. Rae1 Bc6 20. Nxf5 Bxe4 21. Bxe4 exf5 22. Bf3 Rd7 23. c4 Rd4 24. Bd5 Kh7 25. Re2 Re8 26. Qa4 Qe7 27. g3 b6 28. Rfe1 Rb8 29. Qb5 Rd8 30. a4 Bh6 31. Rf1 Bg7 32. Qb3 Qc7 33. Qe3 a6 34. b3 b5 35. axb5 axb5 36. Ra2 bxc4 37. bxc4 Rd7 38. Rb1 Qd8 39. Kh2 Bh6 40. Kh3 R7xd5 41. cxd5 Qxd5 42. Qb3 c4 43. Qb7 Qe6 44. Rb6 Rd7 45. Rxe6 Rxb7 46. Rc6 Rb3 47. Rxc4 1-0

[Event "Ramat Gan Winter op"]
[Site "Ramat Gan"]
[Date "2023.01.07"]
[Round "2"]
[White "Mesropov, Konstantin Eduard"]
[Black "Noy, Eyal"]
[Result "1-0"]
[WhiteElo "2483"]
[BlackElo "2117"]
[PlyCount "59"]
[EventDate "2023.01.07"]
[EventType "swiss (rapid)"]
[EventRounds "6"]
[EventCountry "ISR"]
[SourceTitle "CBM 212 Extra"]
[Source "ChessBase"]
[SourceDate "2023.03.31"]
[SourceVersion "1"]
[SourceVersionDate "2023.03.31"]
[SourceQuality "1"]

1. d4 Nf6 2. Bg5 e6 3. e4 h6 4. Bxf6 Qxf6 5. c3 b6 6. Bd3 Bb7 7. Ne2 c5 8. 0-0 Nc6 9. Na3 a6 10. Nc4 b5 11. e5 Qd8 12. Ne3 cxd4 13. cxd4 d6 14. d5 exd5 15. e6 fxe6 16. Nf4 Qf6 17. Nexd5 exd5 18. Nxd5 Qf7 19. Rc1 Rc8 20. Nb6 Rd8 21. Be4 Ne5 22. Nd5 Bxd5 23. Bxd5 Qf6 24. f4 Nd7 25. Re1+ Be7 26. Re6 Qxf4 27. Qh5+ Kf8 28. Rf1 Qxf1+ 29. Kxf1 Ne5 30. Rxe5 1-0

[Event "ISR-chT"]
[Site "Israel"]
[Date "2022.03.05"]
[Round "10.2"]
[White "Khmelniker, Ilya"]
[Black "Mesropov, Konstantin Eduard"]
[Result "1/2-1/2"]
[WhiteElo "2481"]
[BlackElo "2429"]
[PlyCount "49"]
[EventDate "2022.01.14"]
[EventType "team-tourn"]
[EventRounds "11"]
[EventCountry "ISR"]
[SourceTitle "EXT 2023"]
[Source "ChessBase"]
[SourceDate "2022.10.05"]
[SourceVersion "1"]
[SourceVersionDate "2022.10.05"]
[SourceQuality "1"]
[WhiteTeam "Beer Sheva II"]
[BlackTeam "Ramat Gan Etude"]
[WhiteTeamCountry "ISR"]
[BlackTeamCountry "ISR"]

1. c4 e5 2. Nc3 Nc6 3. g3 Bc5 4. Bg2 d6 5. Nf3 Nf6 6. 0-0 h6 7. a3 a6 8. b3 Bf5 9. e3 0-0 10. d4 Bb6 11. h3 Re8 12. Bb2 exd4 13. exd4 Qd7 14. g4 Bh7 15. d5 Ne5 16. Nxe5 dxe5 17. Na4 Ba7 18. Re1 b5 19. cxb5 e4 20. Bd4 Bxd4 21. Qxd4 Qxb5 22. Nc5 Rad8 23. Qc4 Qb6 24. Rad1 Bg6 25. Na4 1/2-1/2

[Event "ISR-chT"]
[Site "Israel"]
[Date "2022.02.19"]
[Round "8.3"]
[White "Mesropov, Konstantin Eduard"]
[Black "Caspi, Israel"]
[Result "1-0"]
[WhiteElo "2429"]
[BlackElo "2497"]
[PlyCount "59"]
[EventDate "2022.01.14"]
[EventType "team-tourn"]
[EventRounds "11"]
[EventCountry "ISR"]
[SourceTitle "EXT 2023"]
[Source "ChessBase"]
[SourceDate "2022.10.05"]
[SourceVersion "1"]
[SourceVersionDate "2022.10.05"]
[SourceQuality "1"]
[WhiteTeam "Ramat Gan Etude"]
[BlackTeam "Ashdod"]
[WhiteTeamCountry "ISR"]
[BlackTeamCountry "ISR"]

1. e4 e5 2. Nf3 Nc6 3. Bc4 Nf6 4. d3 h6 5. Nc3 d6 6. a4 g5 7. h4 g4 8. Nh2 Bg7 9. Nf1 Ne7 10. Ng3 c6 11. Qe2 0-0 12. h5 d5 13. Bb3 Nh7 14. f4 gxf3 15. Qxf3 f5 16. exd5 Kh8 17. dxc6 Nxc6 18. Qd5 Nd4 19. Nge2 Qe7 20. Nxd4 exd4+ 21. Ne2 Nf6 22. Qf3 f4 23. 0-0 Ng4 24. Nxf4 Kh7 25. Bd2 Qh4 26. Qh3 Qxh3 27. Nxh3 Nf6 28. Nf4 Bg4 29. Rae1 Rae8 30. Ng6 1-0

[Event "ISR-chT"]
[Site "Israel"]
[Date "2021.06.25"]
[Round "11.1"]
[White "Taichman, Ori"]
[Black "Mesropov, Konstantin Eduard"]
[Result "0-1"]
[WhiteElo "2268"]
[BlackElo "2422"]
[PlyCount "61"]
[EventDate "2021.04.22"]
[EventType "team-tourn"]
[EventRounds "11"]
[EventCountry "ISR"]
[SourceTitle "EXT 2022"]
[Source "ChessBase"]
[SourceDate "2021.10.06"]
[SourceVersion "1"]
[SourceVersionDate "2021.10.06"]
[SourceQuality "1"]
[WhiteTeam "Rishon Le Zion Fridman"]
[BlackTeam "Petah Tikva Elitzur Dov"]
[WhiteTeamCountry "ISR"]
[BlackTeamCountry "ISR"]

1. e4 e6 2. d4 d5 3. Nc3 Bb4 4. e5 c5 5. Bd2 Ne7 6. Nb5 Bxd2+ 7. Qxd2 0-0 8. c3 f6 9. f4 cxd4 10. cxd4 fxe5 11. fxe5 Nf5 12. Nf3 a6 13. Nc3 Nc6 14. 0-0-0 Bd7 15. h4 b5 16. Ne2 Na5 17. b3 Qb6 18. g4 Ng3 19. Nxg3 Rxf3 20. Qg2 Nxb3+ 21. axb3 Rc8+ 22. Kb2 Rcc3 23. Bd3 Rcxd3 24. Rxd3 Rxd3 25. Ne2 Rd2+ 26. Kc1 Ra2 27. Qf3 Qa5 28. Nc3 Qa3+ 29. Kd1 Qxb3+ 30. Ke1 b4 31. Nb1 0-1

[Event "ISR-chT"]
[Site "Israel"]
[Date "2021.06.11"]
[Round "7.1"]
[White "Mesropov, Konstantin Eduard"]
[Black "Bakalchuk, Johnatan"]
[Result "1/2-1/2"]
[WhiteElo "2422"]
[BlackElo "2435"]
[PlyCount "50"]
[EventDate "2021.04.22"]
[EventType "team-tourn"]
[EventRounds "11"]
[EventCountry "ISR"]
[SourceTitle "EXT 2022"]
[Source "ChessBase"]
[SourceDate "2021.10.06"]
[SourceVersion "1"]
[SourceVersionDate "2021.10.06"]
[SourceQuality "1"]
[WhiteTeam "Petah Tikva Elitzur Dov"]
[BlackTeam "Herzliya"]
[WhiteTeamCountry "ISR"]
[BlackTeamCountry "ISR"]

1. e4 c6 2. Nf3 g6 3. d4 Bg7 4. Bd3 d5 5. e5 Bg4 6. Nbd2 e6 7. h3 Bxf3 8. Nxf3 c5 9. 0-0 Nc6 10. dxc5 Nxe5 11. Nxe5 Bxe5 12. c4 Ne7 13. cxd5 Nxd5 14. Bh6 Qh4 15. Bb5+ Ke7 16. Re1 Qxh6 17. Rxe5 Rhd8 18. c6 Rab8 19. Qa4 a6 20. Bf1 bxc6 21. Qxa6 Qf4 22. Re2 Nb6 23. Qa3+ Qd6 24. Qf3 Re8 25. b3 Qd4 1/2-1/2

[Event "Petah Tikva Elitzur IM-B"]
[Site "Petah Tikva"]
[Date "2020.07.20"]
[Round "1"]
[White "Kaganskiy, Gleb"]
[Black "Mesropov, Konstantin Eduard"]
[Result "0-1"]
[WhiteElo "2266"]
[BlackElo "2428"]
[PlyCount "56"]
[EventDate "2020.07.20"]
[EventType "tourn"]
[EventRounds "9"]
[EventCountry "ISR"]
[EventCategory "3"]
[SourceTitle "EXT 2021"]
[Source "ChessBase"]
[SourceDate "2020.10.23"]
[SourceVersion "1"]
[SourceVersionDate "2020.10.23"]
[SourceQuality "1"]

1. e4 e6 2. d4 d5 3. e5 c5 4. c3 Nc6 5. Nf3 Nh6 6. a3 cxd4 7. cxd4 Nf5 8. Nc3 Bd7 9. b4 Rc8 10. Bb2 Nh4 11. Qd2 Nxf3+ 12. gxf3 a6 13. Be2 Qh4 14. Nd1 Be7 15. f4 0-0 16. Qe3 f6 17. Bc1 Bd8 18. Rg1 Bb6 19. Rg4 Qxh2 20. Bb2 Ne7 21. Bd3 Nf5 22. Bxf5 exf5 23. Rg3 fxe5 24. Qxe5 Rfe8 25. Rxg7+ Kf8 26. Rxd7 Rxe5+ 27. fxe5 Rc2 28. Rc1 Qh1# 0-1

[Event "EU-ch Online 2300+ Final"]
[Site "Chess.com INT"]
[Date "2020.05.30"]
[Round "3"]
[White "Demchenko, Anton"]
[Black "Mesropov, Konstantin Eduard"]
[Result "1-0"]
[WhiteElo "2641"]
[BlackElo "2428"]
[PlyCount "133"]
[EventDate "2020.05.30"]
[EventType "swiss"]
[EventRounds "8"]
[EventCountry "NET"]
[SourceTitle "CBM 196 Extra"]
[Source "ChessBase"]
[SourceDate "2020.07.31"]
[SourceVersion "1"]
[SourceVersionDate "2020.07.31"]
[SourceQuality "1"]

1. d4 d5 2. Nf3 e6 3. Bf4 c6 4. e3 f5 5. c4 Nf6 6. Nc3 Bd6 7. Bxd6 Qxd6 8. Bd3 0-0 9. 0-0 Ne4 10. Ne2 Nd7 11. Rc1 Qe7 12. a3 Ndf6 13. Ne5 Bd7 14. b4 a6 15. f3 Nd6 16. c5 Nf7 17. a4 Be8 18. Qb3 Nd7 19. Nxd7 Bxd7 20. f4 Nh6 21. h3 Kh8 22. b5 axb5 23. axb5 Ng8 24. Ra1 Nf6 25. b6 Rab8 26. Kh2 Be8 27. Ng1 Bh5 28. Qb2 h6 29. Be2 Bxe2 30. Qxe2 g5 31. Nf3 Rg8 32. Ne5 g4 33. Ra7 Nd7 34. g3 Nxe5 35. fxe5 gxh3 36. Qh5 Kh7 37. Rf4 Rg6 38. Qxh3 Rbg8 39. Rf3 Rg5 40. Kg2 R8g7 41. Kf2 Qe8 42. Ke2 Rh5 43. Qg2 Qg6 44. Kd2 Rg5 45. Kc3 Rg4 46. Qh3 Qg5 47. Kb2 Re4 48. Ra3 Rg4 49. Ra7 Qg6 50. Kc3 f4 51. gxf4 Qb1 52. Qf1 Qe4 53. Qd3 h5 54. Rh3 h4 55. Qxe4+ dxe4 56. f5 exf5 57. d5 cxd5 58. c6 Rg1 59. c7 Rc1+ 60. Kb2 Rc6 61. Rxb7 Kg6 62. Rxh4 Kg5 63. Rh8 Re7 64. Rg8+ Kh4 65. Rg6 Rc4 66. c8Q Rxc8 67. Rxe7 1-0

[Event "EU-ch Online 2300+ Final"]
[Site "Chess.com INT"]
[Date "2020.05.30"]
[Round "8"]
[White "Kovanova, Baira"]
[Black "Mesropov, Konstantin Eduard"]
[Result "1/2-1/2"]
[WhiteElo "2343"]
[BlackElo "2428"]
[PlyCount "118"]
[EventDate "2020.05.30"]
[EventType "swiss"]
[EventRounds "8"]
[EventCountry "NET"]
[SourceTitle "CBM 196 Extra"]
[Source "ChessBase"]
[SourceDate "2020.07.31"]
[SourceVersion "1"]
[SourceVersionDate "2020.07.31"]
[SourceQuality "1"]

1. e4 e6 2. d3 c5 3. Nf3 Nc6 4. g3 g6 5. Bg2 Bg7 6. 0-0 Nge7 7. c3 0-0 8. Be3 b6 9. Qc1 d5 10. exd5 Nxd5 11. Bh6 Bb7 12. Rd1 Bxh6 13. Qxh6 Qf6 14. Nbd2 Qg7 15. Qh4 Rad8 16. Ne4 Nce7 17. Re1 Nf5 18. Qh3 h6 19. Nh4 Bc8 20. Qg4 g5 21. Nf3 e5 22. Qh5 Nfe7 23. h4 f5 24. hxg5 fxe4 25. dxe4 Nc7 26. gxh6 Qg6 27. Qxe5 Ne6 28. Nh4 Qxh6 29. Nf5 Qg5 30. f4 Ng6 31. Qxe6+ Bxe6 32. fxg5 Bxf5 33. exf5 Rxf5 34. Rad1 Rxd1 35. Rxd1 Rxg5 36. Rd3 Ne5 37. Rd5 Kg7 38. Kf2 Kf6 39. Be4 Nc4 40. Rxg5 Kxg5 41. b3 Nd6 42. Bd3 Kf6 43. Kf3 Kg5 44. c4 a5 45. a4 Kf6 46. Kf4 Nf7 47. g4 Ng5 48. Bf1 Ne6+ 49. Ke4 Nd4 50. Kd5 Nxb3 51. Kc6 Kg5 52. Be2 Nd4+ 53. Kxb6 Nxe2 54. Kxc5 Nc3 55. Kb6 Nxa4+ 56. Kxa5 Nc5 57. Kb5 Nd3 58. c5 Nxc5 59. Kxc5 Kxg4 1/2-1/2

[Event "EU-ch Online 2300+ Final"]
[Site "Chess.com INT"]
[Date "2020.05.30"]
[Round "5"]
[White "Marjanovic, Annamaria"]
[Black "Mesropov, Konstantin Eduard"]
[Result "0-1"]
[WhiteElo "2338"]
[BlackElo "2428"]
[PlyCount "110"]
[EventDate "2020.05.30"]
[EventType "swiss"]
[EventRounds "8"]
[EventCountry "NET"]
[SourceTitle "CBM 196 Extra"]
[Source "ChessBase"]
[SourceDate "2020.07.31"]
[SourceVersion "1"]
[SourceVersionDate "2020.07.31"]
[SourceQuality "1"]

1. c4 e6 2. g3 d5 3. Bg2 g6 4. Nf3 Bg7 5. 0-0 Ne7 6. d4 Nbc6 7. cxd5 exd5 8. Nc3 0-0 9. Bg5 Re8 10. e3 f6 11. Bf4 g5 12. Nxg5 fxg5 13. Bxg5 Be6 14. Qb3 Qd7 15. Qxb7 Rab8 16. Qa6 Rxb2 17. Na4 Rc2 18. Rfc1 Nb4 19. Qa5 Nec6 20. Qb5 a6 21. Qf1 Bf5 22. Nc5 Qf7 23. Rxc2 Nxc2 24. Rc1 N6b4 25. Qd1 c6 26. Qd2 a5 27. Bf4 Na3 28. Bf1 Nc4 29. Qd1 Nxa2 30. Ra1 Nc3 31. Qc1 Ne4 32. Nxe4 Bxe4 33. Bxc4 dxc4 34. Rxa5 Bd5 35. Qd1 Qf5 36. f3 Qd3 37. Qxd3 cxd3 38. Kf2 Bf8 39. e4 Bb4 40. Ra4 d2 41. Bxd2 Bxd2 42. exd5 cxd5 43. g4 Bf4 44. h4 Rb8 45. Ra5 Rb2+ 46. Kf1 Be3 47. Rxd5 Rf2+ 48. Ke1 Rxf3 49. Ke2 Rh3 50. h5 h6 51. Rd6 Bg5 52. Ra6 Kf7 53. Ra7+ Ke6 54. Ra5 Rg3 55. Re5+ Kd6 0-1

[Event "EU-ch Online 2300+ Final"]
[Site "Chess.com INT"]
[Date "2020.05.30"]
[Round "1"]
[White "Materia, Marco"]
[Black "Mesropov, Konstantin Eduard"]
[Result "1/2-1/2"]
[WhiteElo "2269"]
[BlackElo "2428"]
[PlyCount "132"]
[EventDate "2020.05.30"]
[EventType "swiss"]
[EventRounds "8"]
[EventCountry "NET"]
[SourceTitle "CBM 196 Extra"]
[Source "ChessBase"]
[SourceDate "2020.07.31"]
[SourceVersion "1"]
[SourceVersionDate "2020.07.31"]
[SourceQuality "1"]

1. d4 e6 2. c4 d5 3. Nc3 f5 4. e3 Nf6 5. Bd3 c6 6. Nge2 Bd6 7. Qc2 Ne4 8. 0-0 0-0 9. f3 Nxc3 10. Nxc3 Nd7 11. Bd2 Nf6 12. Rae1 Qc7 13. h3 Bg3 14. Rd1 Bh2+ 15. Kh1 Bd6 16. e4 Nh5 17. Ne2 g6 18. e5 Be7 19. g4 Ng7 20. Rg1 b6 21. Bh6 dxc4 22. Bxc4 fxg4 23. fxg4 Bb7 24. Bxg7 Kxg7 25. Bxe6 c5+ 26. d5 Qxe5 27. Qc3 Bf6 28. Qxe5 Bxe5 29. Rd2 Rf6 30. Rg2 Rd8 31. Rc2 Rxd5 32. Bxd5 Bxd5 33. Kg1 Bxg2 34. Kxg2 Re6 35. b3 h5 36. gxh5 gxh5 37. Kf3 Kf7 38. a3 a5 39. Nc1 Bd4 40. Re2 Rf6+ 41. Kg2 a4 42. bxa4 c4 43. Re4 Rf2+ 44. Kg3 Rd2 45. Ne2 Bf6 46. Re3 Rd3 47. Kf3 Bg5 48. Rxd3 cxd3 49. Nc3 Ke6 50. Ke4 d2 51. Kd3 Kf5 52. Ke2 h4 53. Nd5 Bd8 54. Kxd2 Ke4 55. Nb4 Kf3 56. Nc6 Bc7 57. Ke1 Kg3 58. Kf1 Kxh3 59. Kg1 Kg3 60. a5 bxa5 61. Nxa5 Bxa5 62. a4 Bb4 63. a5 Bxa5 64. Kh1 h3 65. Kg1 h2+ 66. Kh1 Kh3 1/2-1/2

[Event "EU-ch Online 2300+ Final"]
[Site "Chess.com INT"]
[Date "2020.05.30"]
[Round "4"]
[White "Mesropov, Konstantin Eduard"]
[Black "Ivanov, Oleg V"]
[Result "1/2-1/2"]
[WhiteElo "2428"]
[BlackElo "2458"]
[PlyCount "106"]
[EventDate "2020.05.30"]
[EventType "swiss"]
[EventRounds "8"]
[EventCountry "NET"]
[SourceTitle "CBM 196 Extra"]
[Source "ChessBase"]
[SourceDate "2020.07.31"]
[SourceVersion "1"]
[SourceVersionDate "2020.07.31"]
[SourceQuality "1"]

1. c4 e6 2. Nf3 d5 3. e3 Nf6 4. Nc3 c5 5. d4 a6 6. a3 dxc4 7. Bxc4 b5 8. Be2 Bb7 9. 0-0 Nbd7 10. dxc5 Bxc5 11. b4 Be7 12. Bb2 0-0 13. Rc1 Rc8 14. Qb3 Qb6 15. Rfd1 Rfd8 16. h3 h6 17. Nd4 Ne5 18. a4 bxa4 19. Nxa4 Qxb4 20. Qxb4 Bxb4 21. Nxe6 Rxd1+ 22. Rxd1 Nc4 23. Bxf6 gxf6 24. Rd8+ Rxd8 25. Nxd8 Nd6 26. Nxb7 Nxb7 27. Bxa6 Nc5 28. Nxc5 Bxc5 29. Kf1 Kf8 30. Ke2 Bb6 31. Kf3 Ba5 32. Bc4 Bb4 33. Ke2 Ba5 34. f4 Bb4 35. Kf3 Bd2 36. e4 Bc1 37. Kg4 Kg7 38. Kf5 Bd2 39. Bd5 Bc1 40. Kg4 Bd2 41. Bc4 Kg6 42. g3 Be1 43. Bd3 Kg7 44. Kf3 Kf8 45. Bc4 Kg7 46. g4 Bd2 47. h4 Be1 48. h5 Bd2 49. Bb3 Bc1 50. e5 fxe5 51. fxe5 f6 52. e6 Kf8 53. Ke4 Ke7 1/2-1/2

[Event "EU-ch Online 2300+ Qual"]
[Site "Chess.com INT"]
[Date "2020.05.29"]
[Round "8"]
[White "Gutenev, Alexander"]
[Black "Mesropov, Konstantin Eduard"]
[Result "0-1"]
[WhiteElo "2463"]
[BlackElo "2428"]
[PlyCount "64"]
[EventDate "2020.05.29"]
[EventType "swiss"]
[EventRounds "8"]
[EventCountry "NET"]
[SourceTitle "CBM 196 Extra"]
[Source "ChessBase"]
[SourceDate "2020.07.31"]
[SourceVersion "1"]
[SourceVersionDate "2020.07.31"]
[SourceQuality "1"]

1. e4 e6 2. d4 d5 3. Nc3 h6 4. exd5 exd5 5. Bd3 Nf6 6. h3 Bd6 7. Nge2 0-0 8. 0-0 Nc6 9. a3 a6 10. Be3 Ne7 11. Ng3 c5 12. Qf3 Bxg3 13. fxg3 c4 14. Be2 Bf5 15. g4 Bxc2 16. Bxh6 Ne4 17. Be3 Qb6 18. Nd1 f5 19. Rc1 Bd3 20. Bxd3 cxd3 21. g5 f4 22. Bf2 d2 23. Rc2 Qg6 24. Rc7 Qxg5 25. Nc3 Rae8 26. Rxb7 Ng6 27. Kh2 Nxf2 28. Rxf2 Qg3+ 29. Qxg3 fxg3+ 30. Kxg3 Re3+ 31. Rf3 Rfxf3+ 32. gxf3 Rxc3 0-1

[Event "EU-ch Online 2300+ Qual"]
[Site "Chess.com INT"]
[Date "2020.05.29"]
[Round "7"]
[White "Mesropov, Konstantin Eduard"]
[Black "Kollars, Dmitrij"]
[Result "1/2-1/2"]
[WhiteElo "2428"]
[BlackElo "2586"]
[PlyCount "140"]
[EventDate "2020.05.29"]
[EventType "swiss"]
[EventRounds "8"]
[EventCountry "NET"]
[SourceTitle "CBM 196 Extra"]
[Source "ChessBase"]
[SourceDate "2020.07.31"]
[SourceVersion "1"]
[SourceVersionDate "2020.07.31"]
[SourceQuality "1"]

1. c4 e5 2. g3 c6 3. Nf3 e4 4. Nd4 d5 5. cxd5 Qxd5 6. e3 Nf6 7. Nc3 Qe5 8. Bg2 Bc5 9. d3 Bg4 10. f3 exf3 11. Nxf3 Qh5 12. d4 Bb4 13. 0-0 0-0 14. Qb3 a5 15. Ne5 Be6 16. Qd1 Qxd1 17. Rxd1 Nbd7 18. Nxd7 Bxd7 19. e4 Bg4 20. Rd3 Rfe8 21. h3 Bh5 22. e5 Nd7 23. a3 Bf8 24. Bf4 Rad8 25. g4 Bg6 26. Rdd1 Nb6 27. Ne4 Nd5 28. Bg5 Rd7 29. Re1 Nc7 30. Nd6 Bxd6 31. exd6 Ne6 32. d5 cxd5 33. Be7 Nf4 34. Bf1 Bd3 35. Bg5 Ne2+ 36. Kf2 Rxd6 37. Bxe2 Be4 38. Bf3 Rb6 39. Re2 Rb3 40. Bxe4 Rxe4 41. Rxe4 dxe4 42. Be3 f6 43. Rc1 Rxb2+ 44. Kg3 g5 45. Rc3 b5 46. Bd4 Rb1 47. Bxf6 b4 48. axb4 axb4 49. Rc8+ Kf7 50. Bxg5 b3 51. Rb8 Ke6 52. Be3 Kd5 53. Kh4 Kc4 54. Kg5 Kd3 55. Bf4 Kc2 56. Rc8+ Kd3 57. Rd8+ Kc2 58. Rc8+ Kd3 59. Rd8+ Ke2 60. Re8 Kf3 61. Rb8 e3 62. Bxe3 Kxe3 63. h4 Kd4 64. Kh6 Kc4 65. h5 Rg1 66. g5 Kc3 67. Rc8+ Kd4 68. Rb8 Kc3 69. Rc8+ Kd3 70. Rb8 Kc3 1/2-1/2

[Event "EU-ch Online 2300+ Qual"]
[Site "Chess.com INT"]
[Date "2020.05.29"]
[Round "6"]
[White "Mesropov, Konstantin Eduard"]
[Black "Spyropoulos, Nikolaos"]
[Result "1-0"]
[WhiteElo "2428"]
[BlackElo "2403"]
[PlyCount "65"]
[EventDate "2020.05.29"]
[EventType "swiss"]
[EventRounds "8"]
[EventCountry "NET"]
[SourceTitle "CBM 196 Extra"]
[Source "ChessBase"]
[SourceDate "2020.07.31"]
[SourceVersion "1"]
[SourceVersionDate "2020.07.31"]
[SourceQuality "1"]

1. c4 e6 2. Nf3 Nf6 3. Nc3 Bb4 4. Qb3 c5 5. e3 0-0 6. d4 d6 7. Be2 Nc6 8. 0-0 Qe7 9. a3 Ba5 10. Qc2 Bd7 11. Bd2 Rac8 12. b4 cxb4 13. axb4 Nxb4 14. Qb3 b6 15. Bc1 Nc6 16. Ba3 Rfd8 17. Nb5 Be8 18. Rfc1 Ne4 19. Bd3 f5 20. d5 exd5 21. cxd5 Ne5 22. Nxe5 Qxe5 23. Bb2 Qe7 24. Nd4 Bd7 25. Nc6 Bxc6 26. dxc6+ d5 27. Qa4 Nc5 28. Ba3 Nxa4 29. Bxe7 Re8 30. Bxf5 Rc7 31. Bd6 Rf7 32. Bd7 Rd8 33. Rxa4 1-0

[Event "ISR-chT"]
[Site "Israel"]
[Date "2020.02.15"]
[Round "8.4"]
[White "Mesropov, Konstantin Eduard"]
[Black "Klenburg, Mikhail"]
[Result "1-0"]
[WhiteElo "2416"]
[BlackElo "2357"]
[PlyCount "105"]
[EventDate "2020.01.10"]
[EventType "team-tourn"]
[EventRounds "11"]
[EventCountry "ISR"]
[SourceTitle "CBM 194 Extra"]
[Source "ChessBase"]
[SourceDate "2020.03.31"]
[SourceVersion "1"]
[SourceVersionDate "2020.03.31"]
[SourceQuality "1"]
[WhiteTeam "Petah Tikva Elitzur Dov"]
[BlackTeam "Beer Sheva K"]
[WhiteTeamCountry "ISR"]
[BlackTeamCountry "ISR"]

1. c4 Nf6 2. Nc3 g6 3. g3 Bg7 4. Bg2 0-0 5. d3 d6 6. Nf3 Nc6 7. Rb1 a5 8. a3 e5 9. Bg5 h6 10. Bxf6 Bxf6 11. b4 axb4 12. axb4 Bg7 13. 0-0 Be6 14. Ne1 Qd7 15. b5 Nd8 16. Nd5 Kh7 17. Nc2 f5 18. Ncb4 Bg8 19. Nc3 e4 20. Ncd5 exd3 21. Nxd3 Ne6 22. h4 Ra3 23. e3 c6 24. bxc6 bxc6 25. N5b4 Nd8 26. Rc1 Qc7 27. Qe2 Re8 28. Rc2 c5 29. Nd5 Qa5 30. N3f4 Nf7 31. Bh3 Ne5 32. h5 g5 33. Bxf5+ Kh8 34. Ng6+ Nxg6 35. Bxg6 Rb8 36. Ne7 Be6 37. Bf5 Re8 38. Ng6+ Kg8 39. Bxe6+ Rxe6 40. Qg4 Re8 41. Rd1 Ra1 42. Rcc1 Rxc1 43. Rxc1 Qc7 44. Rd1 Qc6 45. Rd5 Qc7 46. Qf5 Qc6 47. Qd3 Re6 48. Qb1 Qe8 49. Rf5 Qa8 50. Qb5 Qe4 51. Qd7 Qxc4 52. Qf7+ Kh7 53. Nf8+ 1-0